Countries of Europe: First & Last Letter Quiz Stats

Quiz Updated Jul 14, 2016

Challenge
Share
Tweet
Embed
Score 0/47 Timer 02:00
19 Plays Today
% Correct
Sweden (sn)
96.4%
Spain (sn)
96.4%
Austria (aa)
89.9%
Albania (aa)
89.9%
Andorra (aa)
89.9%
France (fe)
88.9%
Germany (gy)
88.5%
United Kingdom (um)
87.3%
Iceland (id)
86.7%
Russia (ra)
86.7%
Ireland (id)
86.7%
Romania (ra)
86.7%
Norway (ny)
84.1%
Italy (iy)
83.4%
Portugal (pl)
82.4%
Finland (fd)
81.3%
Czechia (ca)
79.6%
Slovakia (sa)
78.9%
Serbia (sa)
78.9%
Slovenia (sa)
78.9%
Greece (ge)
75.7%
Bulgaria (ba)
75.6%
Bosnia and Herzegovina (ba)
75.6%
Macedonia (ma)
75%
% Correct
Moldova (ma)
75%
Malta (ma)
75%
Lithuania (la)
74.5%
Latvia (la)
74.5%
Switzerland (sd)
73.8%
Poland (pd)
73.1%
Belgium (bm)
71.7%
Denmark (dk)
71.6%
The Netherlands (ns)
70.9%
Montenegro (mo)
69.8%
Monaco (mo)
69.8%
Luxembourg (lg)
67%
Estonia (ea)
66.8%
Liechtenstein (ln)
64.2%
Turkey (ty)
63%
Hungary (hy)
62.3%
Croatia (ca)
61.5%
Vatican City (vy)
61.3%
Ukraine (ue)
59.3%
Belarus (bs)
53.2%
Cyprus (cs)
53%
San Marino (so)
52.6%
Kosovo (ko)
46.3%

You're not logged in!

Compare scores with friends on all Sporcle quizzes.
Join for Free
OR
Log In

You Might Also Like...

Show Comments

Extras

Top Quizzes Today


Score Distribution

Your Account Isn't Verified!

In order to create a playlist on Sporcle, you need to verify the email address you used during registration. Go to your Sporcle Settings to finish the process.

Report this User

Report this user for behavior that violates our Community Guidelines.

Details: